Chelsea FC Players - Sudden Death - Statistics

General Stats
  • This quiz has been taken 3,399 times
  • The average score is 14 of 20
Answers on the Grid
Answers color-coded by a green-red scale on the quiz's grid according to % correct below.
Aaron Cresswell
Alex Sandro
Andrea Pirlo
Ashley Cole
Bobby Moore
Branislav Ivanović
Brede Hangeland
César Azpilicueta
Claude Makélélé
Danny Murphy
Dejan Stanković
Didier Drogba
Didier Zokora
Franck Ribéry
Frank Lampard
Gianfranco Zola
Henrikh Mkhitaryan
Igor Akinfeev
Jamie Mackie
Javier Pastore
Jermain Defoe
John Obi Mikel
John Terry
Kolo Touré
Luke Shaw
Marcel Desailly
Matt Le Tissier
Michael Ballack
Michu
Moussa Sissoko
N'Golo Kanté
Nuno Valente
Nwankwo Kanu
Pat Nevin
Peter Osgood
Petr Čech
Ramires
Reece James
Robinho
Roman Pavlyuchenko
Salomon Kalou
Sami Khedira
Thiago Silva
Wayne Rooney
Willian
Winston Reid
Xabi Alonso
Zlatan Ibrahimović
 
Answer Stats
Answer % Correct
Ashley Cole
92%
Didier Drogba
86%
César Azpilicueta
84%
Frank Lampard
83%
Claude Makélélé
80%
Branislav Ivanović
77%
John Terry
77%
N'Golo Kanté
74%
Petr Čech
73%
Thiago Silva
73%
Gianfranco Zola
71%
Reece James
70%
Willian
70%
John Obi Mikel
68%
Michael Ballack
68%
Ramires
64%
Marcel Desailly
58%
Salomon Kalou
51%
Peter Osgood
27%
Pat Nevin
18%
No matching quizzes found
Score Distribution
Percent of People with Each Score
Percentile by Number Answered
Your Score History
You have not taken this quiz